Statistics for Bald People – Real and Fictional

Click here to take the quiz!

General Stats

  • This quiz has been taken 6,225 times
    (6,216 since last reset)
  • The average score is 20 of 35

Answer Stats

HintBald person% Correct
Die HardBruce Willis
92%
“D’oh!”Homer Simpson
83%
UK WWII prime ministerWinston Churchill
83%
(briefly bald) Oops, I Did It AgainBritney Spears
82%
Tibetan Buddhist leaderDalai Lama
80%
Heavyweight champion, ear biterMike Tyson
80%
Snoopy's ownerCharlie Brown
78%
The best BondSean Connery
75%
Snakes on a Plane, Mace WinduSamuel L. Jackson
71%
TV psychologistDr. Phil
69%
Superman's nemesisLex Luthor
69%
Non-violent Indian leaderMohandas Gandhi
69%
Retired wrestler with big
white mustache
Hulk Hogan
67%
Hunts the “wascally wabbit”Elmer Fudd
65%
Former boxer and grill hawkerGeorge Foreman
65%
Last leader of the USSRMikhail Gorbachev
65%
Mini-me's mentorDr. Evil
64%
Female Irish rock singerSinéad O'Connor
63%
Bush 2 VPDick Cheney
59%
Jean-Luc PicardPatrick Stewart
54%
Seinfeld’s best friendGeorge Costanza
52%
NYC mayor on 9/11Rudy Giuliani
52%
As a child: Opie.
As adult: movie director
Ron Howard
51%
Minn. Governor and wrestlerJesse Ventura
45%
The king in “The King and I”Yul Brynner
42%
KojakTelly Savalas or
Ving Rhames
41%
The greatest Chicago Bull everMichael Jordan
40%
Curb Your EnthusiasmLarry David
39%
Lakers star, theater chain ownerMagic Johnson
37%
Severely myopic cartoon characterMr. Magoo
37%
“America’s Got Talent” judgeHowie Mandel
36%
Orioles’ iron manCal Ripken, Jr.
28%
“Sweet Baby James”James Taylor
26%
Letterman’s sidekick bandleaderPaul Shaffer
26%
Clinton campaign guru
from Louisiana
James Carville
17%

Score Distribution

Percentile by Number Answered

Percent of People with Each Score

Your Score History

You have not taken this quiz since the last reset